000 00436nam a2200181Ia 4500
001 14284
005 20260306164903.0
008 260306t1996||||xx |||||||||||||| ||spa||
041 _aESP
082 _a511.3
_bB45
100 _aBertossi Durán, Leopoldo
_eAUT
245 0 _aLógica para ciencia de la computación
260 _c1996
300 _a302 páginas :
_c
650 _aGEN
654 _aCMA
942 _cLIB
_dJUS
_fJUS
_2ddc
_n
999 _c14284
_d14284